Statystyki dla Tytuł Filmu po charakterystycznym zdjęciu

Kliknij tutaj aby rozwiązać quiz!

Ogólne statystyki

  • Ten quiz został rozwiązany 163 razy
  • Średni wynik to 8 z 16

Statystyki odpowiedzi

Odpowiedź% Poprawnych
Faceci w czerni
89%
Gladiator
85%
Zielona Mila
85%
Terminator
80%
Powrót do Przyszłości
79%
Top Gun
59%
Ghost Rider
56%
Taxi
50%
Jumanji
41%
Naga Broń
36%
Goście Goście
33%
Van Helsing
31%
Gra
20%
Jeździec znikąd
11%
Mroczne Cienie
11%
Bohater ostatniej akcji
6%

Rozkład punktacji

Percentyl według liczby udzielonych odpowiedzi

Procent ludzi z każdym wynikiem

Twoja historia wyników

Nie rozwiązałeś tego quizu